[Event "Match 79__120'/40"]
[Site "Zürich"]
[Date "2024.??.??"]
[Round "17"]
[White "Mephisto Explorer Pro"]
[Black "Mephisto Polgar sel. 5"]
[Result "1/2-1/2"]
[WhiteElo "2013"]
[BlackElo "1981"]
[Annotator "Utzinger,K"]
[PlyCount "142"]
[EventDate "2024.10.21"]
[EventType "match"]
[SourceVersionDate "2024.10.21"]

{[%evp 0,142,43,25,27,-16,34,16,55,37,55,35,55,21,15,25,17,7,7,23,71,18,4,-5,-5,-31,-26,-36,-15,-32,9,-23,-23,-60,-66,-95,-95,-97,-68,-95,-112,-115,-120,-163,-149,-149,-114,-163,-150,-145,-117,-81,-79,-195,-126,-123,-123,-132,-128,-126,-113,-113,-113,-120,-120,-318,-310,-444,-279,-285,-145,-153,-157,-143,-153,-133,-139,-262,-189,-262,-259,-259,-259,-301,-264,-309,-298,-319,-253,-267,-272,-324,-248,-271,-163,-163,-163,-163,0,0,0,-110,0,0,0,-109,-140,-130,-138,-117,0,-140,-156,-156,0,0,-7,-295,-261,-400,-385,-381,-381,-384,-198,-246,0,0,0,0,0,0,0,0,0,0,0,0,0,0,0,0,0,0,0]} 1. d4 d5 {Match 120'/40 | Bediener: Rolf Bühler | 17. Partie: Remis | Zwischenstand: 8,5-8,5 (50%) Ausgleich / hypothetisch: 9,5-7,5 (55,8%) für Mephisto Polgar. | Eröffnung: Damengambit, Slawisch, Meraner System | Haarscharf geht der Mephisto Explorer Pro an einer verdienten Niederlage vorbei. Denn vier Mal wird das holländische Programm von Frans Morsch in dieser Partie überspielt und landet in verlorenen Stellungen. Doch erweist sich das Schwerfigurenendspiel mit beidseits noch Damen wie immer als schwierig für beide Kontrahenten. Und tatsächlich lässt der Mephisto Polgar seinen Gegner trotz zwei Mehrbauern noch entschlüpfen. Um dem Dauerschach zu entgehen muss dem Weissen das materielle Gleichgewicht zugestanden werden. Und am Ende stehen nur noch die beiden nackten Könige auf dem Brett.} 2. c4 c6 3. Nc3 Nf6 4. e3 {***ENDE BUCH***} e6 {***ENDE BUCH***} 5. Bd3 Nbd7 6. Nf3 dxc4 7. Bxc4 b5 8. Bd3 Bb7 9. O-O b4 {***ENDE BUCH***} (9... a6 {ist die weitaus üblichere Fortsetzung} 10. e4 c5 $11 {mit scharfem Kampf}) 10. Ne2 {Beliebter und systemgerechter sind 10.Sa4 oder 10.Se4.} c5 11. a3 cxd4 12. Nfxd4 e5 13. Nb3 a5 14. axb4 axb4 15. Bd2 Bd6 $11 {Die Stellung befindet sich im Gleichgewicht.} 16. Bf5 $6 {Der Zweck dieses Manöver bleibt schleierhaft.} (16. Ng3 $1 $11 {ist eine zweckmässige Wahl.} O-O 17. Rxa8 Qxa8 18. Nf5 {ausgeglichen}) 16... Rxa1 17. Nxa1 $6 {Das Schlagen mit der Dame ist zweifelsohne stärker.} g6 $17 {Schwarz steht besser.} 18. Bh3 {Der Läufer hätte besser auf der anderen Diagonale bleiben sollen, denn auf h3 hat diese Leichtfigur keine Perspektiven.} Ne4 $6 {Nicht die wirksamste Lösung.} (18... Ba6 $5 19. Re1 O-O 20. Nc2 (20. Nb3 Nc5 21. Nec1 Nce4 $19) 20... Qb6 21. Bxd7 Nxd7 22. Nc1 e4 23. Nd4 Ne5 $19 {und Schwarz steht deutlich überlegen, bzw. darf von einer positionellen Gewinnstellung gesprochen werden.}) {[#]} 19. Be1 $2 {[%mdl 32768] Ein grauenhaft passiver Rückzug, der die weisse Stellung wieder ins Wanken bringt. Die Bewertung von Rems 150824-avx2 mit -+ (-2.30) (0% +0% =0% -100%) Depth: 44/75 sagt alles.} ({Nach} 19. Ng3 {bliebe alles im Lot.} Qb6 20. Nxe4 Bxe4 21. Qa4 f5 22. f3 Bc6 23. Qb3 $11) 19... Nb6 20. Qd3 {Selbst Stockfish 17 findet keine Rettung mehr und empfiehlt das ebenfalls zum Verlust führende 20.Sc2 als HV.} ({Stockfish 17:} 20. Nc2 {-+ (-2.58) (0% +0% =0% -100%) Depth: 50/104} Qe7 21. Bg4 Nf6 22. Ng3 Nxg4 23. Qxg4 Ba6 24. Nxb4 Bxf1 25. Kxf1 O-O 26. Nd3 Ra8 27. h3 Qc7 28. Qe2 Ra1 29. Ne4 Nd5 30. g3 Be7 31. Nd2 Qd7 32. Nxe5 Qxh3+ 33. Kg1 Qe6 34. Ndf3 Bb4 35. Nd3 Bxe1 36. Nfxe1 Qe4 37. Qd2 h5 38. Kh2 h4 39. gxh4 Qxh4+ 40. Kg2 Qg5+ 41. Kf1 Qg4 42. Ne5 Qe4 43. N5d3 {[%eval -258,50] [%wdl 0,1,999]}) 20... O-O 21. Qb5 Bd5 ({Präziser gewinnen} 21... Qa8 $1 {-+ (-4.18)}) ({und} 21... Nc5 {-+ (-3.55)}) 22. b3 Ng5 23. Bxb4 Nxh3+ 24. gxh3 Bf3 $6 {Und hier verdienen 24...Lxb4 25.Dxb4 Lf3 -+ oder 24...Df6 25.f4 Lxb4 -+ den Vorzug. Nach dem ungünstigeren Textzug darf sich Weiss, auf dem Niveau eines Oldies, schon wieder etwas Hoffnung auf den Ausgleich machen.} 25. Bxd6 Qxd6 {[#]} 26. Rc1 $2 {[%mdl 32768] Damit gerät Weiss erneut in eine komplett verlorene Stellung.} ({Mit} 26. Nc2 Nd7 27. Ng3 h5 $17 {war noch Kampf möglich.}) 26... Qe6 $2 {Stellt den klaren Gewinn durch 26...Dd2 oder 26...h5 aus Sicht unserer Oldies in Frage.} 27. Nc2 Rb8 28. Ne1 Nd7 29. Qd3 ({Schlechter ist} 29. Qxb8+ Nxb8 30. Nxf3 Nd7 $19) 29... Rxb3 30. Qd1 Bxe2 31. Qxe2 Qxh3 $17 {Aus seiner klar gewonnenen Stellung ist für Schwarz nur ein mickriger Bauer übriggeblieben. Und da sich alle Bauern am selben Flügel befinden, ist der Sieg für Schwarz noch völlig offen.} {[#]} 32. Rc7 $2 {[%mdl 32768] Weiss macht aus einer ungünstigen wieder eine verlorene Stellung.} (32. Qf3 $17) 32... Rb1 {Diese Fesslung auf der Grundlinie ist tödlich.} 33. e4 h6 34. f3 Kh7 {Jeder erfahrene Spieler würde hier ohne zu zögern seinen Springer nach f4 transferieren wollen. Und dazu stand ihm die Route Sd7-f6-h5-f4 zur Verfügung.} 35. Qd2 Qxf3 {Nun sind es bereits zwei schwarze Mehrbauern, so dass Weiss nur noch wenig Hoffnung auf Rettung verbleibt.} 36. Rxd7 Qg4+ 37. Kf2 Qh4+ 38. Kf1 Qh3+ 39. Kg1 Rxe1+ 40. Qxe1 Qxd7 41. Qe2 Qd4+ 42. Kg2 f5 {Natürlich kein Fehler, aber Schwarz wird anfälliger auf ein Dauerschach der weissen Dame. Versierte Spieler hätten versucht, die schwarze Dame an den Königsflügel zu transferieren und dann seine Bauernmehrheit mit g- und h-Bauer gegen den weisse h-Bauern auszuspielen. Dabei wäre die schwarze Königsstellung deutlich weniger geschwächt worden.} 43. Kf3 f4 44. Kg2 g5 45. Kh3 Qg1 46. Qa2 g4+ 47. Kh4 Kg7 48. Qd2 f3 $2 {Schwarz wirft auf einen Schlag seinen gesamten Vorteil weg. Dabei hatte er gerade noch die Gelegenheit, seine Dame mit 48...Dd4 an den Königsflügel zu führen.} (48... Qd4 49. Qe2 Qd7 50. Qf1 Qe6 51. Qd1 Kg6 52. Qxg4+ Qxg4+ 53. Kxg4 Kf6 54. h3 Ke6 $19 {mit leicht zu gewinnendem Bauernendspiel.}) 49. Qd7+ Kf8 50. Kh5 Kg8 51. Qe6+ Kg7 52. Qxh6+ {Nur noch ein Mehrbauer für Weiss.} Kf7 53. Qg6+ Ke7 54. Qg5+ Kd7 55. Qf5+ Kc6 56. Qe6+ Kb5 57. Qb3+ Kc5 {[#]} 58. Qd5+ $2 {[%mdl 32768] Stolpert wieder in den Verlust, was der Mephisto Explorer Pro natürlich nicht erkennen mag, wobei er wohl auch die Eroberung eines weiteren Bauern im Visier hat, falls der gegnerische König dem Dauerschach entrinnen will.} (58. Qc3+ Kb5 59. Qb3+ {und der schwarze König kann dem Dauerschach nicht entgehen.}) 58... Kb4 59. Qd6+ Kc3 60. Qxe5+ {Weiss hat materiellen Gleichstand erreicht. Aber Pech für ihn, dass diese Stellung für ihn verloren ist. Der schwarze Freibauer auf f3 ist eine tödliche Macht.} Kc2 61. Qc7+ Kd3 62. Qd6+ {[#]} Kxe4 $2 {Damit vergibt Schwarz den Gewinn. Einmal mehr zeigt sich, dass die Behandlung von Damenendspielen gar nichts ist für uinsere Oldies mit ihrer beschränkten Rechenpower.} (62... Qd4 $1 63. Qa6+ Qc4 64. Qa3+ Ke2 65. Qb2+ (65. Kxg4 f2 $19) 65... Kf1 66. Kxg4 Qe2 67. Qa1+ Kg2 $19) 63. Qe6+ Kd3 64. Qb3+ Ke2 65. Qa2+ Ke1 66. Qb1+ Kf2 67. Qc2+ Kf1 68. Qc4+ Kg2 69. Qxg4+ Kxh2 70. Qxf3 Qg2 71. Qxg2+ Kxg2 {***REMIS MATERIAL***} 1/2-1/2

[Event "Match 79__120'/40"]
[Site "Zürich"]
[Date "2024.??.??"]
[Round "18"]
[White "Mephisto Polgar sel. 5"]
[Black "Mephisto Explorer Pro"]
[Result "0-1"]
[WhiteElo "1981"]
[BlackElo "2013"]
[Annotator "Utzinger,K"]
[PlyCount "101"]
[EventDate "2024.10.21"]
[EventType "match"]
[SourceVersionDate "2024.10.21"]

{[%evp 0,101,16,16,16,14,14,15,14,-10,20,27,27,28,31,27,31,21,23,7,7,20,11,-21,-13,-47,-40,-34,-18,-18,-18,-73,-53,-48,-33,-71,-69,-86,-49,-66,-78,-94,-63,-63,-46,-107,-123,-144,-144,-177,-151,-135,-134,-133,-152,-152,-152,-202,-168,-160,-180,-170,-207,-200,-189,-200,-196,-226,-203,-262,-287,-292,-284,-315,-324,-324,-324,-324,-312,-312,-313,-322,-320,-320,-322,-366,-359,-402,-402,-374,-343,-1033,-719,-1136,-1335,-29981,-29982,-29983,-29984,-29985,-29986,-29991,-29992,-29995]} 1. d4 d5 {Match 120'/40 | Bediener: Rolf Bühler | 18. Partie: Schwarz (Mephisto Explorer Pro) gewinnt | Zwischenstand: 9,5-8,5 (52,7%) für Mephisto Explorer Pro / hypothetisch: 9,5-8,5 (52,7%) für Mephisto Polgar. | Eröffnung: Damengambit, Tartakower Variante | Ein schlecht aufgelegter Mephisto Polgar verliert schon kurz nach der Eröffnung einen Bauern. In der Folge wird jede Chance auf einen möglichen Ausgleich in den Sand gesetzt. Der Mephisto Explorer Pro dem Gegner seine Fehler nicht und holt sich auf teilweise kombinatorische Art und Weise den wohl verdienten Sieg. Damit übernimmt das holländische Programm von Frans Morsch wieder die Führung.} 2. c4 e6 3. Nc3 Nf6 4. Bg5 Nbd7 5. e3 Be7 6. Nf3 {***ENDE BUCH***} h6 7. Bh4 O-O {***ENDE BUCH***} 8. Be2 {Eine seltenere Fortsetzung anstelle der üblicheren Züge 8.Tc1 und/ 8.Ld3 oder 8.Dc2.} b6 9. O-O Bb7 10. Rc1 c5 {Diese symmetrische Stellung ist dynamisch ausgeglichen und voller Feinheiten. Vielfach dreht es sich für beide Seiten unter anderem um die schwierige Frage der künftigen Bauernstruktur: Isolani oder hängende Bauern oder komplette Auflösung der Spannung im Zentrum.} 11. b3 Rc8 12. Bd3 cxd4 13. exd4 dxc4 14. bxc4 {Die Lage hat sich geklärt: Weiss hat nun die hängenden Bauern, die bekanntlich eine Stärke und Schwäche darstellen können.} Nb8 {Nun droht Bauerngewinn mit ...Lxf3, Dxf3 Dxd4, bzw. müsste Weiss nach ...Lxf3 mit gxf3 und Zersplitterung seiner Königsstellung leben.} 15. Nb5 $2 $17 {Eine primitive und ungünstige Abwehr der genannten Drohung.} (15. Ne5 {war richtig, solange ...Dxd4?? die Dame verliert wegen dem Abzugsschach Lh7+.} Nc6 16. Nxc6 Rxc6) 15... a6 16. Nc3 Bxf3 17. Qxf3 Qxd4 $17 {Nun hat Schwarz gefahrlos einen weissen Bauern schnappen können.} 18. Bg3 Rfd8 19. Rfd1 {droht Lh7+ nebst Txd4} Qc5 20. Ne4 Qa5 ({Der Zwischenzug} 20... Nxe4 {verdient den Vorzug} 21. Qxe4 g6 $17) 21. Nxf6+ Bxf6 22. Qb7 $6 {Ein sinnloses Manöver ohne Saft und Kraft, das die weisse Situation nur verschlimmert.} Nd7 {[#]} 23. Bb1 $2 {[%mdl 32768] Nach dieser erneuten Ungenauigkeit gerät Weiss in eine verlorene Stellung.} Bb2 24. Bc7 {Alles andere verliert ebenfalls.} (24. Rc2 Nc5 25. Qf3 {erzwungen} Rxd1+ 26. Qxd1 Na4 27. Bf4 Bf6 28. Qc1 Nc3 29. Bd2 Rxc4 $19) 24... Re8 25. Rc2 Be5 26. Bxe5 Nxe5 27. Rcd2 g6 28. c5 {Da dieser Bauer so oder so verloren ist, wird er gleich geopfert.} Rxc5 29. Rd6 Rb5 30. R6d4 Rb2 31. Qe4 Rc8 32. Qf4 Kg7 33. h3 $19 {Weiss steht auf völlig verlorenem Posten.} Rc3 $2 $15 {Verpatzt seine gewonnene Stellung, aber zum Glück für Schwarz kann das der Mephisto Polgar nicht erkennen.} {[#]} 34. Rd8 $2 $19 {[%mdl 32768] Stürzt erneut in den Verlust.} (34. Rd5 $1 {Eine kleine taktische Bombe, die Weiss gerettet hätte.} Nd3 (34... exd5 35. Qxe5+ Kg8 (35... Kh7 $4 {verliert wegen} 36. Qf6 $18) 36. Qe8+ Kg7 37. Qe5+ $11 {und Dauerschach}) 35. Qd4+ (35. R5xd3 Rxb1 $19) 35... e5 {erzwungen} 36. Qe4 Rb4 37. Rxa5 Rxe4 38. Rxa6 Nc5 39. Rxb6 Rd4 40. Re1 $11) 34... Rb4 35. Qd2 Rxh3 {Nun besitzt Schwarz bereits 3 Bauern mehr bei besserer Stellung. Der Turm ist natürlich tabu.} 36. Qc1 (36. gxh3 $4 Nf3+ 37. Kg2 Nxd2) 36... Nf3+ $1 {Der Mephisto Explorer beginnt zu kombinieren.} 37. gxf3 (37. Kf1 {führt zum Matt nach} Qb5+ 38. Bd3 Rh1+ 39. Ke2 Re4+ {usw.}) 37... Qh5 {droht auf h2 Matt} 38. Qc3+ e5 39. Kf1 Rxb1 $1 {Erneut findet Schwarz den besten Zug und lässt auch in der Folge nichts mehr anbrennen.} 40. Rxb1 Rh1+ 41. Ke2 Rxb1 42. Re8 Rb5 43. a4 Rc5 44. Qb4 Qg5 45. Qxb6 Qc1 46. f4 Rc2+ {Schwarz hat Mattangriff.} 47. Kf3 Qxf4+ 48. Kg2 Qg4+ 49. Kh2 Rc1 50. Rxe5 Qf3 51. Qxg6+ {***AUFGEGEBEN***} 0-1

[Event "Match 79__120'/40"]
[Site "Zürich"]
[Date "2024.??.??"]
[Round "19"]
[White "Mephisto Explorer Pro"]
[Black "Mephisto Polgar sel. 5"]
[Result "0-1"]
[WhiteElo "2013"]
[BlackElo "1981"]
[Annotator "Utzinger,K"]
[PlyCount "115"]
[EventDate "2024.10.21"]
[EventType "match"]
[SourceVersionDate "2024.10.21"]

{[%evp 0,115,28,28,28,-13,31,26,37,24,41,42,47,44,44,8,9,-22,-25,-21,-1,-27,8,8,4,3,11,5,7,-10,-12,-8,15,20,20,10,6,-4,10,-43,-25,-64,-36,-58,-12,-88,-45,-88,-48,-61,-50,-48,42,42,42,42,42,0,-7,-35,-27,-22,-40,-9,-18,-49,-50,-67,-67,-80,-80,-254,-254,-336,-478,-514,-511,-599,-661,-661,-683,-565,-587,-621,-620,-743,-743,-753,-682,-818,-972,-1011,-1011,-1080,-1097,-1097,-1116,-1120,-982,-1022,-1012,-1344,-1012,-1012,-1032,-29977,-29978,-29983,-29984,-29985,-29988,-29989,-29990,-29991,-29992,-29993,-29994,-29995]} 1. d4 d5 {Match 120'/40 | Bediener: Rolf Bühler | 19. Partie: Schwarz (Mephisto Polgar) gewinnt | Zwischenstand: 9,5-9,5 (50%) Ausgleich / hypothetisch: 9,5-9,5 (50%) Ausgleich | Eröffnung: Angenommenes Damengambit | Eine ruhige Partie ohne Höhepunkte bis zum 31. Zug. Dann kommt beim Mephisto Explorer Pro in den darauf folgenden Zügen echt Sand ins Getriebe. Und nach 34.Tb7? erreicht der Mephisto Polgar eine Gewinnstellung, die er nicht mehr aus der Hand gibt. Damit ist das Match wieder ausgeglichen.} 2. c4 dxc4 3. Nf3 Nf6 4. e3 e6 5. Bxc4 c5 6. O-O a6 7. Qe2 {Eingeführt hat diesen Zug der grosse Schachkünstler Akikba Rubinstein in einer Partie 1908 gegen Richard Teichmann.} b5 (7... Nc6 8. Rd1 Qc7 9. Nc3 b5 10. Bb3 Bb7 11. d5 exd5 12. Bxd5 b4 13. Ng5 Nd8 14. Bxb7 Qxb7 15. Nb1 h6 16. Nf3 Be7 17. Nbd2 O-O 18. b3 Ne6 19. Bb2 Rfd8 20. Nh4 g6 21. f4 Ne4 22. f5 Bxh4 23. fxe6 Nxd2 24. Rxd2 Rxd2 25. Qxd2 Rd8 26. Qc2 Qd5 27. exf7+ Qxf7 28. Rf1 Qe6 29. Qxc5 Be7 30. Qa7 Rd7 31. Qb8+ Rd8 32. Qg3 Bc5 33. Qc7 Qe7 34. Qc6 Qd6 35. Qe4 Bb6 36. Bf6 {1-0 (36) Rubinstein,A-Teichmann,R Vienna 1908}) 8. Bb3 (8. Bd3 {hat statistisch betrachtet eine etwas höhere Erfolgsquote.} Bb7 9. dxc5 Bxc5 10. Bxb5+ Nbd7 11. Ba4 O-O 12. Rd1 Qc7 $11 {½-½ (68) Duda,J (2726)-Vachier Lagrave,M (2727) Chess.com INT 2023}) 8... Bb7 9. Rd1 {***ENDE BUCH***} Nbd7 {***ENDE BUCH***} 10. a4 {Die klassische Variante, die sich gegen b7-b5 stemmt. Bekannte Alternativen sind:} (10. Nc3 {Die meist gespielte Fortsetzung.} Qc7 11. e4 cxd4 12. Nxd4 Bc5 13. Bxe6 $6 $15 {0-1 (27) Mamedyarov,S (2759)-So,W (2773) Zagreb 2022}) (10. e4 {Der Sinn dieses Vorstosses erhellt sich mir nicht. Und den Vorstoss d4-d5 muss Schwarz nicht zulassen. Gemäss den Engines hat Schwarz leichtes Spiel.} cxd4 11. Nxd4 Qc7 (11... Bxe4 $2 12. Nc3 Bb7 13. Nxe6 $18) 12. Nc3 Bc5 13. Be3 O-O $11) 10... Bd6 {Sowohl 10...Le7 als auch 10...Db8 gelten als etwas genauer.} 11. axb5 axb5 12. Rxa8 Qxa8 {Schwarz hat ausgeglichen.} 13. dxc5 (13. Na3 $11 {sieht ebenfalls vernünftig aus.}) 13... Bxc5 14. Na3 (14. Qxb5 Bxf3 15. gxf3 Qxf3 $11) 14... b4 15. Nc2 (15. Nc4 {mag besser zu gefallen, steht der Springer auf c4 doch sichtbar stärker als auf c2.}) 15... Bxf3 $6 {Verzichtet ohne Not auf sein starkes Läuferpaar. Kein Schachspieler über 2000 Elo würde diesen Tausch in Erwägung ziehen.} (15... O-O 16. Bd2 Qa5 17. Ra1 Qb6 18. h3 Rc8 19. Be1 g6 20. Qd1 e5 21. Ra4 Bc6 22. Ra6 Qxa6 {0-1 (22) Iljin,A (2509)-Zubov,A (2597) St Petersburg 2018}) 16. gxf3 (16. Qxf3 {verdient wahrscheinlich den Vorzug; im Falle des Damentausches hat dann Weiss im Mittel- und Endspiel das Läuferpaar, was sich ohne Damen auf dem Brett eher positiv auswirken kann.}) 16... O-O 17. e4 Qb8 18. f4 e5 {Zur richtigen Zeit knabbert Schwarz die gegnerische Bauernstruktur an.} 19. fxe5 ({Auch} 19. f5 $11 {kam in Frage.}) 19... Qxe5 {Nun droht Bauerngewinn mit ...Te8 und e4 fällt.} 20. Bc4 (20. Kg2 Re8 21. f3 $11) 20... Nb6 21. Bd3 Re8 22. Re1 {Eine rein passive Verteidigung. Besser geschah 22.Kg2, s. Variante.} (22. Kg2 {Indirekte Deckung durch Taktik, denn nun wäre der e4-Bauer tabu:} Nxe4 $2 23. Qxe4 Qxe4+ 24. Bxe4 Rxe4 25. Be3 $1 {erobert Material} Rxe3 (25... Bxe3 $4 26. Rd8+ Re8 27. Rxe8#) (25... Be7 26. Bxb6 $18) 26. Nxe3 $18) 22... b3 ({oder} 22... Nbd7 23. Ne3 Nf8 24. Nc4 Qe6 25. Bf4 $11) 23. Na1 $6 {Hier steht der Springer schlecht. Besser ist} (23. Ne3 $11 {denn} Nxe4 $2 {wäre komplett falsch wegen} 24. Ng4 Qd4 25. Be3 Nc3 26. bxc3 Qxc3 27. Nh6+ gxh6 (27... Kf8 $2 28. Bxc5+ Qxc5 29. Qxe8#) 28. Qg4+ Qg7 (28... Kh8 29. Bd4+ Re5 30. Bxc3 $18) (28... Kf8 29. Bxh6+ Qg7 30. Qxg7#) 29. Qxg7+ Kxg7 30. Bxh6+ Kxh6 31. Rxe8 $18) 23... Qe6 $11 24. Be3 Bxe3 25. Qxe3 Na4 26. Bb5 Ra8 27. Nxb3 Nxb2 $11 {Die Partie trägt offensichtlich Remis-Charakter.} 28. Rb1 $15 {Danach steht Schwarz leicht besser. Rems 011224-avx2 präsentiert auf ST 46 wenigstens 3 Varianten, die zu ausgeglichenem Spiel führen.} ({1)} 28. Nd4 Qe5 29. h3 h6 30. Rb1 Na4 31. Bc6 Rd8 32. Nf3 Qa5 33. Kg2 $11) ({2)} 28. Nc5 Qb6 29. e5 Nd5 30. Qd4 Qxb5 31. Qxd5 Qa5 32. Qe4 Rc8 $11) ({3)} 28. e5 Qg4+ 29. Qg3 Qb4 30. Rc1 Nh5 31. Qf3 Rb8 32. Qxh5 Qxb5 $11) 28... Nc4 29. Bxc4 Qxc4 30. Nd2 Qc7 31. Qg3 Qc8 32. f3 $6 {Der erste fragwürdige Zug des Programms von Frans Morsch.} Qc5+ $15 {Schwarz steht besser, aber die weisse Stellung ist noch verteidigungsfähig.} 33. Kg2 $2 {Der zweite Fehltritt ist ein Schritt ins Abseits. Nach 33.Kh1 oder 33.Df2 wäre noch gar nichts entschieden.} Nd7 {[#]} 34. Rb7 $2 {[%mdl 32768] Ein entscheidender Fehler, der in bereits ungünstiger Lage zu einer verlorenen Stellung führt.} Ra1 ({Noch stärker ist} 34... Ne5 35. Qf2 Qd6 36. Nf1 h6 37. Rb6 Qd8 38. Rb1 Ra3 39. f4 Nd3 40. Qe3 Qd6 41. Kh1 Nxf4 $19) 35. Kh3 $2 (35. Nf1 {leistet mehr Widerstand}) 35... Rg1 $1 $19 {Damit ist die Partie am Ende. Um alle Drohungen abzuwehren, muss Weiss entscheidenden Materialverlust hinnehmen.} 36. Rxd7 (36. Rb8+ {rettet auch nicht mehr} Nxb8 37. Qxb8+ Qf8 $19) 36... Rxg3+ 37. Kxg3 Qg1+ 38. Kf4 g5+ (38... Qxh2+ {gewinnt ebenfalls} 39. Ke3 h5 $19) 39. Kf5 Qxh2 40. Kf6 (40. Kxg5 h6+ 41. Kg4 h5+ 42. Kg5 Qg3+ 43. Kf6 Qh4+ 44. Ke5 Qg5+ 45. Kd6 Qxd2+) 40... Qf4+ 41. Ke7 h5 {Die schwarzen Freibauern laufen.} 42. Ke8 h4 43. Rd5 g4 44. fxg4 h3 45. Nf3 {Pure Verzweiflung spricht aus diesem Zug.} Qxe4+ 46. Re5 Qxf3 47. Rg5+ Kh7 48. Kf8 Qe3 49. Rg7+ Kh6 50. g5+ Qxg5 {Wickelt in ein leicht zu gewinnendes Bauernendspiel ab.} 51. Rxg5 Kxg5 52. Kxf7 Kf5 53. Ke7 Ke5 54. Kd7 h2 55. Kc6 h1=Q+ 56. Kb5 Qd5+ 57. Ka4 Kd4 58. Ka3 {***AUFGEGEBEN***} 0-1